01009nam a22001817a 450000500170000000800410001702000180005804000070007604100080008308200180009110000140010924500100012326000300013330000310016336500620019452005560025665000150081220230107130817.0230105b ||||| |||| 00| 0 eng d a9780415280631 cAL aeng 223a808bFROG aJohn Frow aGenre aNew YorkbRoutledgec2013 avi,171p.bPBc19.5x12.5cm. 2Generala1834b₹383.00c₹d₹450.00e15%f12-12-2022 aGenre is a key means by which we categorize the many forms of literature and culture. But it is also much more than that: in talk and writing, in music and images, in film and television, genres actively generate and shape our knowledge of the world. Understanding genre as a dynamic process rather than a set of stable rules, this book explores. *the relation of simple to complex genres *the history of literary genre in theory *the generic organisation of implied meanings *the structuring of interpretation by genre *the uses of genre in teaching. aLiterature